|
|
|
|
| LEADER |
00000naa2a2200000 4500 |
| 001 |
629635 |
| 005 |
20241227103140.0 |
| 035 |
|
|
|a (RuTPU)RU\TPU\conf\30327
|
| 035 |
|
|
|a RU\TPU\conf\29197
|
| 090 |
|
|
|a 629635
|
| 100 |
|
|
|a 20190729d2018 k y0rusy50 ca
|
| 101 |
0 |
|
|a rus
|
| 102 |
|
|
|a RU
|
| 105 |
|
|
|a y z 101zy
|
| 135 |
|
|
|a drcn ---uucaa
|
| 181 |
|
0 |
|a i
|
| 182 |
|
0 |
|a b
|
| 200 |
1 |
|
|a Применение грунтобетона в 3D печати
|d Concrete in 3D printing
|f А. В. Губанов, В. А. Кутугин, Е. А. Новикова
|
| 203 |
|
|
|a Текст
|c электронный
|
| 300 |
|
|
|a Заглавие с экрана
|
| 320 |
|
|
|a [Библиогр.: с. 12 (7 назв.)]
|
| 463 |
|
0 |
|0 (RuTPU)RU\TPU\conf\30068
|t Междисциплинарные проблемы аддитивных технологий
|o материалы IV Всероссийского научного семинара с международным участием, 29-31 октября 2018, Томск
|f Национальный исследовательский Томский политехнический университет (ТПУ) ; под ред. А. Г. Князевой
|v [С. 8-13]
|d 2018
|
| 510 |
1 |
|
|a Concrete in 3D printing
|z eng
|
| 610 |
1 |
|
|a электронный ресурс
|
| 610 |
1 |
|
|a труды учёных ТПУ
|
| 610 |
1 |
|
|a 3D-печать
|
| 610 |
1 |
|
|a малые архитектурные формы
|
| 610 |
1 |
|
|a аддитивные технологии
|
| 610 |
1 |
|
|a бетоны
|
| 610 |
1 |
|
|a грунтобетоны
|
| 700 |
|
1 |
|a Губанов
|b А. В.
|g Александр Валерьевич
|f 1985-
|c специалист в области материаловедения
|c инженер Томского политехнического университета
|9 88542
|
| 701 |
|
1 |
|a Кутугин
|b В. А.
|c химик-технолог
|c доцент Томского политехнического университета, кандидат технических наук
|f 1983-
|g Виктор Александрович
|3 (RuTPU)RU\TPU\pers\28913
|9 13646
|
| 701 |
|
1 |
|a Новикова
|b Е. А.
|
| 712 |
0 |
2 |
|a Национальный исследовательский Томский политехнический университет
|b Инженерная школа новых производственных технологий
|b Научно-образовательный центр Н. М. Кижнера
|3 (RuTPU)RU\TPU\col\23556
|
| 801 |
|
2 |
|a RU
|b 63413507
|c 20190806
|g RCR
|
| 856 |
4 |
|
|u http://earchive.tpu.ru/handle/11683/55422
|
| 942 |
|
|
|c BK
|